000 00724nam a2200205 i 4500
001 56624
003 ES-MaACL
005 20230906163419.0
007 t|
008 031010s1963 sp ||||1| spa d
100 1 _aDickson, James G.
_944503
245 1 0 _aEnfermedades de las plantas del gran cultivo /
_cJames G. Dickson ; traducción y adaptación por José Vallega ; con la colaboración de los ingenieros agrónomos Hugo P. Cenoz y Juan L. Tessi.
250 _a[1ª ed.].
260 _aBarcelona :
_bSalvat,
_c[1963]
300 _aXII, 584 p. :
_bil. ;
_c23 cm.
700 1 _aVallega, José.
_9112830
700 1 _aCenoz, Pedro.
_937411
700 1 _aTessi, Juan L.
_9109825
852 _aES-MaACL
_jC-23609
_bR.52188
999 _c56624
_d56624